Sinergetika ierarchii neustojčivostej v samoorganizujuščichsja sistemach i ustrojstvach
Guardado en:
| Autor principal: | |
|---|---|
| Formato: | Libro |
| Lenguaje: | ruso |
| Publicado: |
Moskva
Mir
1985
|
| Etiquetas: |
Sin Etiquetas, Sea el primero en etiquetar este registro!
|
MARC
| LEADER | 00000nam a2200000 4500 | ||
|---|---|---|---|
| 001 | c105752 | ||
| 005 | 20240912071234.3 | ||
| 041 | 0 | |a rus | |
| 044 | |a RU | ||
| 245 | 1 | 0 | |a Sinergetika |b ierarchii neustojčivostej v samoorganizujuščichsja sistemach i ustrojstvach |c Hermann Haken ; [Perevod s anglijskogo Ju.A. Danilova] |
| 264 | 1 | |a Moskva |b Mir |c 1985 | |
| 300 | |a 419 s. | ||
| 100 | 1 | |a Haken, Hermann | |